000 00739nam a2200241 i 4500
001 C2-0306979
003 PPAK
005 20180728093613.0
008 101227s1984 nyu |||| ||||| | eng d
020 _a0061811424
040 _aPPAK
_beng
_cPPAK
_erda
082 0 4 _a421.54
_223
090 0 0 _a421.54
_bBEN
_dG
100 1 _aBender, James F.,
_eauthor
245 1 0 _aNBC handbook of Pronunciation
264 1 _aNew York :
_bHarper and Row, Publishers ,
_c1984
300 _a539 pages ;
_c21 cm
336 _2rdacontent
_atext
337 _2rdamedia
_aunmediated
338 _2rdacarrier
_avolume
650 1 0 _aEnglish language Pronunciation Handbooks, manual, etc. ; Television broadcasting Handbooks, manual, etc.
942 _ddc
_cB
999 _c109790
_d109790